000 00977cam a2200229 4500
001 ABS66663
008 030521n2003 000 0 eng u
035 _a(Sirsi) u122357
100 _aSteele, A.
245 _aConstructionline: a review of current issues and future potential
260 _c2003
490 _aStructural Survey
_v21(1) 2003, 16-21(6)
520 _aReviews the early years of the operation of the 'one-stop' approved list for public sector construction work in the UK. The findings of questionnaire studies of clients and contractors/consultants suggest that a majority of users are satisfied with the system but that some fine-tuning is required to ensure further take-up of Constructionline. Tables. [Taken from journal abstract]
590 _aABS
650 _aCONSTRUCTIONLINE
650 _aPUBLIC SECTOR
650 _aAPPROVED LIST OF CONTRACTORS
690 _aProcurement
_96260
700 _aTodd, S.
700 _aSodhi, D.
942 _n0
999 _c72715
_d72715